| Tag |
First Indicator |
Second Indicator |
Subfields |
| LEADER |
00000cam a2200000 a 4500 |
| 001 |
in00000009935 |
| 005 |
20151007051606.0 |
| 008 |
840809s1984 cauab b 10000 eng d |
| 035 |
|
|
|a (OCoLC)11034968
|
| 035 |
|
|
|9 AAA3771AM
|
| 040 |
|
|
|a GIS
|c GIS
|d OCL
|d IQU
|d OCL
|d m/c
|d TXA
|d UtOrBLW
|
| 043 |
|
|
|a n-us-ca
|
| 049 |
|
|
|a TXAM
|c [A12541360]
|
| 050 |
|
4 |
|a QE89
|b .T42 1984
|
| 245 |
0 |
0 |
|a Tectonics and sedimentation along the California margin :
|b April 18-21, 1984 /
|c editors, James K. Crouch, Steven B. Bachman.
|
| 264 |
|
1 |
|a Los Angeles, Calif. :
|b Pacific Section, Society of Economic Paleontologists and Mineralogists,
|c 1984.
|
| 300 |
|
|
|a 188 pages :
|b illustrations, maps ;
|c 28 cm.
|
| 336 |
|
|
|a text
|b txt
|2 rdacontent
|
| 337 |
|
|
|a unmediated
|b n
|2 rdamedia
|
| 338 |
|
|
|a volume
|b nc
|2 rdacarrier
|
| 500 |
|
|
|a "Volume 38."
|
| 504 |
|
|
|a Includes bibliographies.
|
| 650 |
|
0 |
|a Geology
|z California
|x Congresses.
|
| 650 |
|
0 |
|a Plate tectonics
|z California
|x Congresses.
|
| 700 |
1 |
|
|a Crouch, James K.
|
| 700 |
1 |
|
|a Bachman, Steven B.
|
| 710 |
2 |
|
|a Society of Economic Paleontologists and Mineralogists.
|b Pacific Section.
|
| 999 |
|
|
|a MARS
|
| 999 |
f |
f |
|s bb654d05-d8a2-3f77-9c1f-285d26fbc564
|i 060b41f5-41c5-3f42-a352-3fd4609f3b74
|t 0
|
| 952 |
f |
f |
|p normal
|a Texas A&M University
|b College Station
|c Sterling C. Evans Library
|d Evans: Library Stacks
|t 0
|e QE89 .T42 1984
|h Library of Congress classification
|i unmediated -- volume
|m A14812541360
|
| 998 |
f |
f |
|a QE89 .T42 1984
|t 0
|l Evans: Library Stacks
|